| 000 | 01549nam a2200301 a 4500 | ||
|---|---|---|---|
| 001 | BRCA_2425 | ||
| 005 | 20190320203813.0 | ||
| 008 | 131108s1777----sp-a---###---#000-0dspa-u | ||
| 041 | _aspa | ||
| 044 | _asp | ||
| 084 |
_a065 _b.M376 |
||
| 100 | 1 |
_aCervantes Saavedra, Miguel de _d1547-1616 _9213 |
|
| 245 | 1 | 0 |
_aVida y Hechos del Ingenioso Caballero Don Quijote de la Mancha _ccompuesto por Miguel de Cervantes Saavedra |
| 260 |
_aMadrid _bD. Manuel Martín _c1777 |
||
| 300 |
_a4 v. _bil. _c16 cm. |
||
| 500 | _aContenido : v 1. Primera parte. Dedicatoria a D. Quijote por Cide Hamete Benengeli. Algunos versos preliminares. Advertencia del impresor. Prólogo del autor. Vida de Cervantes por Mayáns. -- v 2. Licencia del Consejo. Texto. -- v 3. Segunda parte. Versos preliminares. Prólogo del autor. Texto. -- v 4. Texto | ||
| 500 | _aEdición : Nueva edición corregida e ilustrada por G. Mayáns y Síscar: Dedicada al mismo D. Quijote | ||
| 500 | _aReproducción de la edición del mismo editor de 1765. Ejemplar bien conservado. Piel; lomos adornados con filetes y florones dorados Lúdovic Osterc | ||
| 500 | _aQM52 | ||
| 650 | 1 | 4 |
_aNovela española _yÉpoca clásica, 1500-1700 _9215 |
| 650 | 1 | 4 |
_aLiteratura española _yÉpoca clásica, 1500-1700 _9216 |
| 650 | 1 | 4 |
_aNovela española _ySiglo XVII _9217 |
| 650 | 1 | 4 |
_aDon Quijote (Personaje ficticio) _eNovela _9218 |
| 700 | 1 |
_aMayáns I Síscar, Gregorio _d1699-1781 _eBiógrafo _97107 |
|
| 740 | 0 | _aEl Ingenioso Hidalgo Don Quijote de la Mancha | |
| 902 | _aQFM | ||
| 942 |
_2lcc _cB |
||
| 999 |
_c2166 _d2166 |
||